00346 2200145 4500245005200000250001100052100002000063650001600083005001900099260001800118041001400136084001400150500002700164336000900191 ascrapbookb : Suku bajocNadien Novita ShText aCet. 1 aNadien Novita S aKarya Siswa a20250925110609 aJakartac2025 aIndonesia a081 NAD s aKarya Siswa Kelas X-PH atext